¡Que viva la religión, el dr. Botero y muera Santander...! (Registro nro. 304738)

Detalles MARC
000 -ENCABEZADO
Número de control [NR] 01113 a2200253 4500
005 - FECHA Y HORA DE LA ÚLTIMA TRANSACCIÓN
control field 20160926105347.0
008 - DE LONGITUD FIJA DE DATOS DE ELEMENTOS - INFORMACIÓN GENERAL
Elementos de longitud fija [NR] 160926r2016 ck a|||fr|||| 000 0 spa d
020 ## - NUMERO INTERNACIONAL NORMALIZADO PARA LIBROS [R]
Número Internacional Normalizado del libro [NR] 9789588040783
040 ## - FUENTE DE CATALOGACION [NR]
Agencia de catalogación original [NR] CO-BoUCM
Idioma de catalogación [NR] spa
Quien Cataloga Sandra Palacio
Quien Clasifica Sandra Palacio
041 0# - CODIGO DE IDIOMA [R]
Código de idioma para texto/pista de sonido o título separado [R] Español
100 1# - ASIENTO PRINCIPAL--NOMBRE PERSONAL [NR]
Nombre personal [NR] Herrera Arroyave, Diana Paola
ID Autoridad 80522
245 11 - MENCION DE TITULO [NR]
Título [NR] ¡Que viva la religión, el dr. Botero y muera Santander...!
Parte restante del título [NR] la revolución del cura Botero: una resistencia local a la implantación del derecho republicano. Antioquia,1835
Mención de responsabilidad, etc. [NR] Diana Paola Herrera Arroyave
260 ## - PUBLICACION, DISTRIBUCION, ETC. (PIE DE IMPRENTA) [R]
Fecha de publicación, distribución, etc. [R] 2016
Lugar de publicación, distribución, etc. [R] Bogotá (Colombia)
Nombre del editor, distribuidor, etc. [R] Academia Colombiana de Historia
-- Universidad de Antioquia
300 ## - DESCRIPCION FISICA [R]
Extensión [R] 286 páginas
Otros detalles físicos [NR] ilustraciones
490 0# - MENCION DE SERIE [R]
Mención de serie [R] Biblioteca de historia nacional
ISBN [NR] 175
504 ## - NOTA DE BIBLIOGRAFIA, ETC. [R]
Nota de bibliografía, etc. [NR] Incluye referencias bibliográficas
650 17 - ASIENTO SECUNDARIO DE MATERIA - TERMINO TEMATICO [R]
Término temático o nombre geográfico como elemento de entrada [NR] Derecho
Subdivisión general [R] Historia
Subdivisión geográfica [R] Colombia
9 (RLIN) 80170
650 #7 - ASIENTO SECUNDARIO DE MATERIA - TERMINO TEMATICO [R]
9 (RLIN) 12827
Término temático o nombre geográfico como elemento de entrada [NR] Derecho romano
Subdivisión general [R] Historia
Subdivisión geográfica [R] Colombia
651 ## - ASIENTO SECUNDARIO DE MATERIA - NOMBRE GEOGRAFICO [R]
Fuente del encabezamiento o término [NR] Antioquia (Colombia)
9 (RLIN) 442
690 ## - ASUNTO AGREGADO LOCAL DE ENTRADA - TÉRMINO TEMÁTICO (OCLC, RLIN)
Acceso temático local Teoría del derecho
9 (RLIN) 25308
710 1# - ASIENTO SECUNDARIO - NOMBRE CORPORATIVO [R]
Nombre corporativo o de jurisdicción como elemento de entrada [NR] Universidad de Antioquia
9 (RLIN) 4706
942 ## - ELEMENTOS DE ENTRADA AGREGADOS (KOHA)
Tipo de ítem principal el descrito en 300a Libro
Sistema de clasificación DEWEY
Tema principal Derecho
Edición 1
Clasificación 340
Parte restante de la signatura top. H565vi
Existencias
Signatura topográfica Código de barras Última vez visto Ejemplar Costo de reposición Price effective from Tipo de ítem Perdido Sistema de clasificación Dañado No prestable Tipo de ítem específico Suprimido Ubicación habitual Ubicación actual Localización Fecha de creación Proveedor Forma de adquisición Costo
340 H565vi 100150949 06/06/2024 Ej.1 26000.00 23/09/2016 Libro   DEWEY     Libro   Bodega Bodega 3er piso 23/09/2016 12 Donación 0.00